中国所有的单字县 - Statistics

General Stats
  • This quiz has been taken 39 times
    15 since last reset
  • The average score is 44 of 94
Answer Stats
% Correct
河北 张家口 蔚县
90%
江苏 徐州 丰县
90%
江苏 徐州 沛县
90%
安徽 马鞍山 和县
80%
山东 日照 莒县
80%
河南 安阳 滑县
80%
河北 邯郸 魏县
70%
河北 保定 易县
70%
河北 沧州 沧县
70%
河北 沧州 青县
70%
山西 晋中 祁县
70%
山西 临汾 古县
70%
安徽 淮南 寿县
70%
安徽 黄山 歙县
70%
安徽 黄山 黟县
70%
河南 鹤壁 浚县
70%
河南 鹤壁 淇县
70%
重庆 重庆 忠县
70%
河北 石家庄 赵县
60%
河北 邢台 威县
60%
山西 临汾 隰县
60%
安徽 宿州 泗县
60%
安徽 宣城 泾县
60%
河南 开封 杞县
60%
河北 邯郸 涉县
50%
河北 邯郸 磁县
50%
河北 保定 蠡县
50%
河北 保定 雄县
50%
河北 沧州 献县
50%
河北 衡水 景县
50%
山西 阳泉 盂县
50%
山西 长治 沁县
50%
山西 运城 绛县
50%
山西 忻州 代县
50%
山西 临汾 吉县
50%
山西 吕梁 兴县
50%
山西 吕梁 临县
50%
辽宁 锦州 义县
50%
山东 临沂 费县
50%
山东 聊城 莘县
50%
山东 菏泽 曹县
50%
河南 平顶山 郏县
50%
河南 信阳 新县
50%
湖北 随州 随县
50%
湖南 常德 澧县
50%
四川 泸州 泸县
50%
陕西 榆林 佳县
50%
甘肃 陇南 礼县
50%
河北 邯郸 邱县
40%
河北 保定 唐县
40%
山西 朔州 应县
40%
山西 运城 夏县
40%
黑龙江 哈尔滨 宾县
40%
安徽 宿州 萧县
40%
山东 菏泽 单县
40%
河南 焦作 温县
40%
河南 濮阳 范县
40%
河南 信阳 息县
40%
广西 梧州 藤县
40%
四川 达州 渠县
40%
四川 阿坝州 茂县
40%
西藏 林芝 朗县
40%
陕西 宝鸡 眉县
40%
陕西 宝鸡 陇县
40%
陕西 宝鸡 凤县
40%
陕西 延安 富县
40%
甘肃 庆阳 宁县
40%
甘肃 陇南 成县
40%
甘肃 陇南 文县
40%
甘肃 陇南 康县
40%
甘肃 陇南 徽县
40%
山西 吕梁 岚县
30%
河南 洛阳 嵩县
30%
河南 平顶山 叶县
30%
河南 商丘 睢县
30%
湖南 益阳 南县
30%
广西 玉林 容县
30%
四川 自贡 荣县
30%
四川 宜宾 高县
30%
四川 宜宾 珙县
30%
四川 阿坝州 理县
30%
云南 临沧 云县
30%
西藏 那曲 索县
30%
陕西 咸阳 乾县
30%
陕西 汉中 洋县
30%
陕西 汉中 勉县
30%
山西 临汾 蒲县
20%
山东 聊城 冠县
20%
湖北 十堰 房县
20%
湖南 株洲 攸县
20%
湖南 永州 道县
20%
甘肃 庆阳 环县
20%
甘肃 定西 漳县
20%
甘肃 定西 岷县
20%
No matching quizzes found
Score Distribution
Percent of People with Each Score
Percentile by Number Answered
Your Score History
You have not taken this quiz since the last reset